Statistics for Valencia Scorers in 2010s Champions League

Click here to take the quiz!

General Stats

  • This quiz has been taken 40 times
  • The average score is 5 of 18

Answer Stats

PlayerNationGls% Correct
Roberto SoldadoSpain15
68%
Sofiane FeghouliAlgeria4
62%
JonasBrazil8
50%
João CanceloPortugal1
41%
Tino CostaArgentina2
38%
Carlos SolerSpain2
35%
Ricardo CostaPortugal1
32%
Nelson ValdezParaguay1
29%
Juan MataSpain1
24%
Adil RamiFrance2
21%
Aritz AdurizSpain3
21%
André GomesPortugal1
18%
JoaquínSpain1
15%
Michy BatshuayiBelgium1
15%
Santi MinaSpain2
15%
Pablo HernándezSpain3
12%
Alejandro DomínguezArgentina1
6%
Miguel MonteiroPortugal1
3%

Score Distribution

Percentile by Number Answered

Percent of People with Each Score

Your Score History

You have not taken this quiz